| 000 | 00416nam a22001217a 4500 | ||
|---|---|---|---|
| 008 | 230612b xxu||||| |||| 00| 0 eng d | ||
| 082 |
_a352.4 _bGok |
||
| 100 | _cGOK | ||
| 245 |
_a2007/2008 District Allocation Budget and project details of the GOK For the Year Ending 30th June 2008 _bVote R20 and D20 _cMinistry of Water and Irrigation |
||
| 260 |
_aNairobi, Kenya _bGOK _cJune 2008 |
||
| 300 | _a158p | ||
| 942 |
_2ddc _cBK |
||
| 999 |
_c1020 _d1020 |
||